Προσεγγίσεις νεοελληνικών κειμένων : Γ' Γυμνασίου
Saved in:
| Main Author: | |
|---|---|
| Format: | Book |
| Language: | Greek |
| Published: |
Αθήνα :
Επικαιρότητα ,
1985
|
| Subjects: | |
| Tags: |
Add Tag
No Tags, Be the first to tag this record!
|
MARC
| LEADER | 00000nam a2200000 i 4500 | ||
|---|---|---|---|
| 001 | 1/70404 | ||
| 008 | 960301s1985 gre d | ||
| 035 | |a 1987 |b 1 |c Αγορά/Τσιάκαλος |l 10030636 | ||
| 040 | |a GR-MY-UA |b gre |e aacr | ||
| 041 | 0 | |a gre | |
| 082 | 0 | |a 889.070495 | |
| 100 | 1 | |a Ζορμπάς, Απόστολος Β. | |
| 245 | 1 | 0 | |a Προσεγγίσεις νεοελληνικών κειμένων : |b Γ' Γυμνασίου / |c Απόστ. Β. Ζορμπάς |
| 260 | |a Αθήνα : |b Επικαιρότητα , |c 1985 | ||
| 300 | |a 338 σ. | ||
| 650 | 0 | 0 | |a Greek literature, Modern |x Study and teaching (Secondary) |
| 650 | 0 | 0 | |a Authors, Greek (Modern) |x Biography. |
| 852 | |a INST |b RHODES |e 19960301 |h 889.070495 ΖΟΡ |p 005400002960 |q 005400002960 |t BK |y 0 | ||
| 909 | |a Ρ |b 006679 |c 1987 | ||